NĚKTERÉ PROSTŘEDKY LÉČEBNÉ TĚLESNÉ VÝCHOVY U POLIOMYELITIDY

Bibliographic Details
Main Author: Srdečný, V. (Author)
Format: Article
Language:Czech

MARC

LEADER 00000nab a2200000uu 4500
001 vtls011491201
003 SK-MaSNL
005 20260303105514.0
008 230121|1959 xo |||||||||||||||||cze|
015 |a SNBRB 
035 |a (urnnbn)urn:nbn:sk:snk:ar-007lsp 
035 |a (uuid)8cccec28-49cf-42a4-9406-32dafba7e903 
035 |a urn:nbn:sk:snk-abdg87 
040 |a SNKBUCL  |b slo  |c SNKBUCL  |e AACR2 
041 0 |a cze 
044 |a xo  |c SK 
100 1 |a Srdečný, V.  |4 aut  |9 1120635 
245 1 0 |a NĚKTERÉ PROSTŘEDKY LÉČEBNÉ TĚLESNÉ VÝCHOVY U POLIOMYELITIDY  |c V. Srdečný 
773 0 |t Lekársky obzor : odborný časopis Slovenskej zdravotníckej univerzity v Bratislave  |g Roč. 8, č. 6 (1959), s. 345-352 
954 |a odborná, vedecká literatúra cudzojazyčná (svetová)  |2 lita 
958 |a OND 
958 |a EUIPO 
958 |a article18 
999 |c 1863413  |d 1865343